000 01507nam a22002297a 4500
001 6947
003 FISKH
005 20250611142015.0
008 250611b cb ||||| |||| 00| 0 eng d
020 _a9780764140419
040 _aFISKH
_beng
_cFISKH
_dFISKH
082 _a516.15
100 _aFerrell, Karen
245 _aThe great polygon caper :
_bAdventures in Mathopolis /
_cBy Karen Ferrell : Illustrated by Tom Kerr
260 _aNew York :
_bBarron's Educational Series, Inc.,
_c2008.
300 _a217 pages :
_billustrations ;
_c20 cm .
520 _aMayor Lostis Marbles, the hero of Adventures in Mathopolis: Estimating and Measuring, is looking for help in solving his problems. Coming to his rescue is a superhero and problem solver, the fifteen-year-old, skateboard-riding Kent Clark, also known as Edge Master. The villains are the Shiftless gang, led by Shiftless ShereƩ, a mysterious woman with long, red fingernails, and her brother Ambrose Addemup. In a series of funny, fictional episodes, Edge Master helps the hapless mayor solve problems involving angles, polygons, triangles, quadrangles, squares, prisms, and pyramids. He also demonstrates how to calculate the volume of solid objects. Kids will be entertained as they familiarize themselves with the fundamentals of geometry. Black-and-white line art throughout.
650 _aGeometry-Study and teaching ( Elementary ) -activity programs
_vNon-fiction
700 _aKerr, Tom
942 _2ddc
_cBK
_n0
999 _c6947
_d6947